Modern microeconomics (Record no. 9658)

MARC details
000 -LEADER
fixed length control field 00471cam a2200193ua 4500
001 - CONTROL NUMBER
control field 10697
005 - DATE AND TIME OF LATEST TRANSACTION
control field 20260515114642.0
008 - FIXED-LENGTH DATA ELEMENTS--GENERAL INFORMATION
fixed length control field 190327n ii |||gr||||Z||||||eng
020 ## - INTERNATIONAL STANDARD BOOK NUMBER
International Standard Book Number 9789385676130
040 ## - CATALOGING SOURCE
Transcribing agency MAIN
082 ## - DEWEY DECIMAL CLASSIFICATION NUMBER
Classification number 338.5
100 ## - MAIN ENTRY--PERSONAL NAME
Personal name H L Ahuja,
Relator term Author.
245 ## - TITLE STATEMENT
Title Modern microeconomics
Remainder of title theory and applications
250 ## - EDITION STATEMENT
Edition statement 19th rev.
260 ## - PUBLICATION, DISTRIBUTION, ETC.
Place of publication, distribution, etc. New Delhi:
Name of publisher, distributor, etc. S chand & company,
Date of publication, distribution, etc. 2016.
300 ## - PHYSICAL DESCRIPTION
Extent 957p.
653 ## - INDEX TERM--UNCONTROLLED
Uncontrolled term Production
942 ## - ADDED ENTRY ELEMENTS (KOHA)
Koha item type Books
Holdings
Withdrawn status Lost status Damaged status Not for loan Home library Current library Shelving location Date acquired Total checkouts Full call number Barcode Date last seen Date last checked out Copy number Price effective from Koha item type
        Naharkatiya College Library Naharkatiya College Library General stacks 09/19/2020 6 338.5Microeconomics | AHU 25437 01/24/2023 01/21/2023 1 09/19/2020 Books